La igualdad jurídica de los estados
Uloženo v:
| Hlavní autor: | |
|---|---|
| Médium: | Kniha |
| Jazyk: | španělština |
| Vydáno: |
Santiago
Jurídica de Chile
1968
|
| Edice: | Memoria, 31
|
| Témata: | |
| Tagy: |
Přidat tag
Žádné tagy, Buďte první, kdo vytvoří štítek k tomuto záznamu!
|
MARC
| LEADER | 00000nam a2200000 a 4500 | ||
|---|---|---|---|
| 001 | UCT6861 | ||
| 003 | CL-VaPUC | ||
| 008 | 970113e19680000CL |||||||||||||||||spa|d | ||
| 082 | 0 | 4 | |a 341.1 |b CRU |2 21 |
| 100 | 0 | |a Cruchaga Gandarillas, Vicente |e author |9 377163 | |
| 245 | 1 | 3 | |a La igualdad jurídica de los estados |
| 300 | |a 113 p | ||
| 942 | |c BK | ||
| 945 | |d 19970113 00:00:00 |a paguirre | ||
| 260 | |a Santiago |b Jurídica de Chile |c 1968 | ||
| 650 | 0 | |a Estado |9 255503 | |
| 650 | 0 | |a Política internacional |9 255813 | |
| 650 | 7 | |a LEGISLACION INTERNACIONAL |2 CL-VaPUC |9 358760 | |
| 650 | 0 | |a Organizaciones internacionales |9 329196 | |
| 583 | |a last modification |c 19970113 00:00:00 |k Rodrigo Vera | ||
| 490 | 0 | |a Memoria, 31 | |
| 999 | |c 255531 |d 255529 | ||
| 952 | |0 0 |1 0 |4 0 |6 341_100000000000000_CRU_1968 |7 0 |8 A |9 277794 |a BIBDER |b BIBDER |d 2019-11-19 |i 180345K |o 341.1 CRU 1968 |p 180345K |r 2023-01-25 |w 2019-11-19 |y BK |k DER | ||